000 00510nam a2200181Ia 4500
003 GCL
008 140319s9999 xx 000 0 ara d
040 _aGCL /
_cGCL
082 0 4 _a350
_bع ا
100 1 _aعلى الباز
245 1 0 _aاصول علم الادارة العامة /
_cعلى الباز
260 _a[S.N] :
_bدار الجامعات المصرية
300 _a220 ص
490 _a
650 0 4 _aالادارة العامة
650 0 4 _aادارة الافراد
942 _2ddc
_cBK
999 _c54061
_d54061